000 00679nam a22002177a 4500
999 _c15406
_d15406
003 AR-CdUCM
008 190427b ||||| |||| 00| 0 spa d
040 _aMUNICIPALIDAD PROVINCIAL DEL CUSCO
_cBIBLIOTECA MUNICIPAL DEL CUSCO
082 _aPI /372 /
_bIN63
110 _aEditorial Arica
_934469
245 _aEl invierno y la nieve /
260 _aLima :
_bArica,
_c1971.
300 _a8 paginas ;
_bIlustraciones, graficos, dibujos
_c26 cm.
440 _aMuñecos de vegetales
_n6
_934470
500 _aCuentos e historias
650 _aCuentos
_9217
650 _aHistorias
_92725
650 _aLiteratura infantil
_9588
942 _2ddc
_cLIBROS
945 _apjha
_d2019-04-27